Statistics for Top 10 Biggest Islands of Oceania by Area

Click here to take the quiz!

General Stats

  • This quiz has been taken 53 times
    (39 since last reset)
  • The average score is 7 of 10

Answer Stats

AreaCountryAnswer% Correct
7,692,024-----------Australia
96%
145,836New ZealandSouth Island
92%
111,583New ZealandNorth Island
92%
785,753-----------New Guinea
88%
64,519AustraliaTasmania
84%
10,432United StatesBig Island
68%
16,648FranceNew Caledonia
60%
35,145Papua New GuineaNew Britain
52%
10,530FijiViti Levu
44%
7,404Papua New GuineaNew Ireland
44%

Score Distribution

Percentile by Number Answered

Percent of People with Each Score

Your Score History

You have not taken this quiz since the last reset